Balancing the scales of justice though artificial intelligence (Record no. 520003)

000 -LEADER
fixed length control field 00624nam a22001457a 4500
008 - FIXED-LENGTH DATA ELEMENTS--GENERAL INFORMATION
fixed length control field 220601b ||||| |||| 00| 0 eng d
100 ## - MAIN ENTRY--PERSONAL NAME
Personal name Shankar, Uday and Pandey, Shubham
245 ## - TITLE STATEMENT
Title Balancing the scales of justice though artificial intelligence
260 ## - PUBLICATION, DISTRIBUTION, ETC. (IMPRINT)
Place of publication, distribution, etc Journal of the Indian Law Institute
300 ## - PHYSICAL DESCRIPTION
Extent 63(2), Apr-Jun, 2021: p.190-210
520 ## - SUMMARY, ETC.
Summary, etc The docket of Indian judiciary, at all levels, is clogged with unmanageable numbers waiting for final disposals of the disputes. – Reproduced
773 ## - HOST ITEM ENTRY
Main entry heading Journal of the Indian Law Institute
906 ## - LOCAL DATA ELEMENT F, LDF (RLIN)
Subject DIP ARTIFICIAL INTELLIGENCE
942 ## - ADDED ENTRY ELEMENTS (KOHA)
Item type Articles
Holdings
Withdrawn status Lost status Source of classification or shelving scheme Damaged status Not for loan Permanent location Current location Date acquired Serial Enumeration / chronology Barcode Date last seen Koha item type
          Indian Institute of Public Administration Indian Institute of Public Administration 2022-06-01 63(2), Apr-Jun, 2021: p.190-210 AR126729 2022-06-01 Articles

Powered by Koha